[Event "Amber-blind 7th"]
[Site "Monte Carlo"]
[Date "1998.03.16"]
[Round "4"]
[White "Karpov, Anatoly"]
[Black "Ivanchuk, Vassily"]
[Result "1/2-1/2"]
[WhiteElo "2735"]
[BlackElo "2740"]
[PlyCount "115"]
[EventDate "1998.03.13"]
[Source "ChessBase"]
[SourceDate "1998.04.29"]

1. Nf3 Nc6 2. d4 d5 3. Bf4 Bg4 4. Nbd2 e6 5. e3 Bd6 6. Bxd6 cxd6 7. h3 Bh5 8. c4 Nge7 9. Be2 O-O 10. O-O Qd7 11. Rc1 Rfc8 12. a3 dxc4 13. Rxc4 Rc7 14. b4 Rac8 15. Qa1 Nd5 16. Re1 h6 17. Bd3 Nb6 18. Rc2 Ne7 19. Rec1 Bg6 20. Bxg6 Nxg6 21. Qb2 Ne7 22. Ne1 Ned5 23. Qb3 Qa4 24. Qd3 Kf8 25. g3 Ke7 26. e4 Rxc2 27. Rxc2 Rxc2 28. Nxc2 Nc7 29. h4 a6 30. Kg2 g6 31. Nb3 Qb5 32. Qxb5 Nxb5 33. Na5 Kd7 34. Nxb7 Nc4 35. e5 Kc7 36. Nxd6 Ncxd6 37. exd6+ Kxd6 38. Kf3 Kd5 39. Kf4 f6 40. a4 Nc3 41. b5 axb5 42. axb5 Nxb5 43. Ne3+ Kxd4 44. Ng4 g5+ 45. Kf3 gxh4 46. gxh4 f5 47. Nxh6 Ke5 48. Ng8 Nd4+ 49. Ke3 f4+ 50. Kd3 Nf3 51. h5 Kf5 52. h6 Ng5 53. Ne7+ Kf6 54. Nc6 e5 55. Nb4 Kg6 56. Kc4 e4 57. Nd5 f3 58. Kd4 1/2-1/2

[Event "Groningen"]
[Site "?"]
[Date "1995.??.??"]
[Round "?"]
[White "Karpov, Anatoly"]
[Black "Svidler, P."]
[Result "1/2-1/2"]
[WhiteElo "2775"]
[BlackElo "2635"]
[PlyCount "64"]
[EventDate "1995.??.??"]
[Source "ChessBase"]
[SourceDate "1995.10.01"]

1. d4 Nf6 2. Nf3 g6 3. g3 d5 4. Bg2 Bg7 5. O-O O-O 6. c3 Bf5 7. Qb3 Qc8 8. Bg5 Rd8 9. Nbd2 c5 10. Rfe1 Nbd7 11. Ne5 Qc7 12. Bf4 Qb6 13. Nxd7 Rxd7 14. Be5 Qa5 15. a4 Ne4 16. Nxe4 dxe4 17. Bxg7 Kxg7 18. e3 Rc8 19. h3 h5 20. Red1 c4 21. Qb5 Qc7 22. a5 a6 23. Qa4 Rd5 24. Rd2 Rb5 25. Qd1 Qd7 26. Kh2 Be6 27. Bxe4 Bxh3 28. d5 Bg4 29. Bf3 Qf5 30. Kg2 Bh3+ 31. Kh2 Bg4 32. Kg2 Bh3+ 1/2-1/2

[Event "Chess Classics"]
[Site "Frankfurt GER"]
[Date "1996.??.??"]
[Round "1"]
[White "Kramnik, Vladimir"]
[Black "Leko, Peter"]
[Result "1/2-1/2"]
[WhiteElo "2775"]
[BlackElo "2625"]
[PlyCount "108"]
[EventDate "1996.??.??"]
[Source "www.chesslib.no"]
[SourceDate "2004.05.04"]

1. d4 Nf6 2. Nf3 g6 3. g3 Bg7 4. Bg2 d5 5. O-O O-O 6. Bf4 c6 7. Qc1 Bf5 8. c4 Nbd7 9. Rd1 Rc8 10. Bh6 Bxb1 11. Bxg7 Kxg7 12. Rxb1 Qc7 13. b3 Rfe8 14. Qa3 Qb8 15. Rbc1 e6 16. Ne1 Red8 17. Nd3 a6 18. e3 Ne8 19. f3 Qd6 20. Qb2 Nf8 21. e4 dxe4 22. Nc5 Qe7 23. Nxe4 Nf6 24. Re1 Nxe4 25. fxe4 e5 26. d5 c5 27. Rc3 Rd6 28. Rf3 Rf6 29. Rd3 b6 30. h4 Rd8 31. Bh3 h5 32. Kg2 Nh7 33. Qd2 a5 34. a3 Rfd6 35. Rf3 Rf6 36. Rd3 Rfd6 37. Rf1 Rf6 38. Rb1 Rfd6 39. Qc3 Nf6 40. Re3 Ra8 41. Re2 Ne8 42. b4 axb4 43. axb4 Rf6 44. bxc5 bxc5 45. Qe3 Ra4 46. Rc2 Qa7 47. Qc3 Qc7 48. Rcb2 Ra7 49. Kh1 Nd6 50. Bg2 Ne8 51. Rb8 Qe7 52. Qe3 Rfa6 53. R8b5 Ra5 54. R1b2 Nd6 1/2-1/2

[Event "5th IECC"]
[Site "Antalya"]
[Date "2004.05.21"]
[Round "6"]
[White "Minasian, Artashes"]
[Black "Ivanchuk, Vassily"]
[Result "1/2-1/2"]
[WhiteElo "2585"]
[BlackElo "2716"]
[PlyCount "77"]
[EventDate "2004.05.15"]
[Source "Roberto Alvarez"]
[SourceDate "2004.05.31"]

1. Nf3 Nf6 2. d4 d5 3. c3 Bf5 4. Qb3 Qc8 5. Bg5 Nbd7 6. e3 e6 7. c4 c6 8. Nbd2 Bd6 9. Bd3 Ne4 10. Bxe4 dxe4 11. Nh4 c5 12. Nxf5 exf5 13. f3 exf3 14. Nxf3 O-O 15. O-O Re8 16. Rad1 Bf8 17. Qd3 g6 18. b3 b6 19. Rde1 Qb7 20. d5 Ne5 21. Nxe5 Rxe5 22. Bf4 Re4 23. g4 Qd7 24. gxf5 Qxf5 25. Bg3 Qg4 26. Rf4 Rxf4 27. exf4 Bd6 28. Qe4 Rd8 29. Kg2 Kf8 30. h3 Qd7 31. Bh4 Re8 32. Qxe8+ Qxe8 33. Rxe8+ Kxe8 34. f5 gxf5 35. Kf3 Be5 36. a4 a5 37. Bg5 f6 38. Bf4 Kf7 39. Bh6 1/2-1/2

[Event "Corr"]
[Site "?"]
[Date "1994.??.??"]
[Round "?"]
[White "Kauppala Pekka"]
[Black "Bang Erik BH"]
[Result "0-1"]
[WhiteElo "2615"]
[BlackElo "2680"]
[PlyCount "68"]
[EventDate "1994.??.??"]
[Source "www.chesslib.no"]
[SourceDate "2004.05.04"]

1. g3 g6 2. Bg2 Bg7 3. d4 d5 4. Nf3 c6 5. b3 a5 6. Bb2 Nf6 7. O-O O-O 8. c4 a4 9. Ne5 Nbd7 10. Nxd7 Bxd7 11. Nd2 Bf5 12. h3 h5 13. Bc3 Qd7 14. Kh2 Qc7 15. bxa4 h4 16. Bf3 Bh6 17. a5 Be3 18. Qe1 hxg3+ 19. fxg3 Kg7 20. Kg2 Rh8 21. h4 g5 22. Bxd5 Qd7 23. Rxf5 Qxf5 24. Qf1 Qg6 25. hxg5 Bxg5 26. Bxf7 Qxf7 27. Nf3 Qh5 28. d5 cxd5 29. cxd5 Rac8 30. Bd4 Be3 31. Bxf6+ exf6 32. Nh4 Rc2 33. d6 Rxe2+ 34. Kh3 f5 0-1

[Event "European Club Cup 2002"]
[Site "?"]
[Date "2002.09.25"]
[Round "4"]
[White "Lputian Smbat"]
[Black "Rublevsky Sergei"]
[Result "1/2-1/2"]
[WhiteElo "2634"]
[BlackElo "2658"]
[PlyCount "50"]
[EventDate "2002.??.??"]
[Source "www.chesslib.no"]
[SourceDate "2004.05.04"]

1. Nf3 d5 2. d4 e6 3. g3 c5 4. Bg2 cxd4 5. O-O Nf6 6. Nxd4 e5 7. Nb3 Be6 8. Bg5 Nbd7 9. e3 h6 10. Bxf6 Nxf6 11. Qe2 Be7 12. Nc3 Qc8 13. Rad1 e4 14. Nd4 O-O 15. Nxe6 fxe6 16. Bh3 Qc6 17. Qb5 Rac8 18. Qb3 Bc5 19. Ne2 b5 20. c3 Nh7 21. Nf4 Ng5 22. Bg4 Rcd8 23. Kg2 Rf6 24. Nh5 Rf7 25. Nf4 Rf6 1/2-1/2

[Event "Biel"]
[Site "Biel"]
[Date "1995.??.??"]
[Round "1"]
[White "Hodgson, Julian M"]
[Black "Shirov, Alexei"]
[Result "1/2-1/2"]
[WhiteElo "2590"]
[BlackElo "2695"]
[PlyCount "37"]
[EventDate "1995.07.??"]
[Source "ChessBase"]

1. d4 d5 2. Nf3 c6 3. Bg5 Qb6 4. b3 Bg4 5. Nbd2 Nd7 6. c4 Ngf6 7. c5 Qc7 8. b4 g6 9. e3 Bg7 10. Bf4 e5 11. dxe5 Nh5 12. Be2 O-O 13. O-O Nxf4 14. exf4 f6 15. Nd4 fxe5 16. Bxg4 exd4 17. g3 a5 18. Re1 Nf6 19. a3 1/2-1/2

[Event "Candidats sf2"]
[Site "Linares"]
[Date "1992.??.??"]
[Round "3"]
[White "Jussupow, Artur"]
[Black "Timman, Jan H"]
[Result "1/2-1/2"]
[WhiteElo "2655"]
[BlackElo "2620"]
[PlyCount "91"]
[EventDate "1992.04.??"]
[Source "ChessBase"]

1. d4 Nf6 2. c4 e6 3. Nc3 Bb4 4. e3 O-O 5. Bd3 d5 6. Nf3 c5 7. O-O Nbd7 8. cxd5 exd5 9. a3 Bxc3 10. bxc3 Re8 11. a4 c4 12. Bc2 Ne4 13. Bxe4 dxe4 14. Nd2 b6 15. f3 Bb7 16. fxe4 Bxe4 17. Nxe4 Rxe4 18. Ra2 Nf6 19. Raf2 Qd6 20. Rf5 Rae8 21. h3 h6 22. a5 Qe6 23. Qf3 Re7 24. Qg3 Nd5 25. Qb8+ Kh7 26. axb6 axb6 27. Bd2 f6 28. Qa8 Nxe3 29. d5 Qd6 30. Bxe3 Rxe3 31. Qa1 Qg3 32. Qb1 Re1 33. Qxb6 R7e2 34. R5f2 f5 35. d6 Rxf1+ 36. Kxf1 Re5 37. Qd4 Qh2 38. Re2 Rxe2 39. Kxe2 Qxg2+ 40. Kd1 Qh1+ 41. Kc2 Qg2+ 42. Qd2 Qe4+ 43. Kc1 Qh1+ 44. Kc2 Qe4+ 45. Kc1 Qh1+ 46. Kc2 1/2-1/2

[Event "Poikovsky Karpov"]
[Site "Poikovsky"]
[Date "2001.05.01"]
[Round "1"]
[White "Lputian, Smbat G"]
[Black "Rublevsky, Sergei"]
[Result "1/2-1/2"]
[WhiteElo "2607"]
[BlackElo "2657"]
[PlyCount "119"]
[EventDate "2001.05.05"]
[Source "ChessBase"]
[SourceDate "2001.09.13"]

1. d4 d5 2. Nf3 e6 3. g3 c5 4. Bg2 cxd4 5. O-O Nf6 6. Nxd4 e5 7. Nb3 Be6 8. Bg5 Nbd7 9. e3 h6 10. Bxf6 Nxf6 11. Qe2 Be7 12. Rd1 Qc8 13. Nc3 e4 14. Nd4 Bd7 15. f3 Bb4 16. Ndb5 O-O 17. fxe4 dxe4 18. Nd6 Bg4 19. Nxc8 Bxe2 20. Nxe2 Raxc8 21. c3 Bc5 22. Nd4 Rfe8 23. Bh3 Rcd8 24. Kf2 a5 25. Ke2 Rd5 26. Nf5 Rde5 27. Rf1 Nd5 28. Rad1 a4 29. c4 Nb6 30. b3 Ra8 31. Rd2 axb3 32. axb3 Ra3 33. Rb1 g6 34. Nxh6+ Kg7 35. Ng4 Rh5 36. Bg2 f5 37. b4 Be7 38. Ne5 Rxh2 39. Kf2 Bg5 40. Re1 Kf6 41. c5 Kxe5 42. cxb6 Rb3 43. Ree2 Rh8 44. Rd7 Rb8 45. Rg7 Kf6 46. Rd7 Rxb4 47. Rd6+ Kg7 48. Bh3 Rb3 49. g4 fxg4 50. Bxg4 Rf8+ 51. Kg2 Bxe3 52. Be6 Rxb6 53. Rd7+ Kh6 54. Bd5 Bc5 55. Rxe4 Rb2+ 56. Kg3 b6 57. Rh4+ Kg5 58. Rg4+ Kf6 59. Rf4+ Ke5 60. Re4+ 1/2-1/2

[Event "Porzellan-Cup"]
[Site "Dresden"]
[Date "1999.??.??"]
[Round "1.2"]
[White "Stohl, Igor"]
[Black "Shirov, Alexei"]
[Result "1-0"]
[WhiteElo "2540"]
[BlackElo "2720"]
[PlyCount "67"]
[EventDate "1999.01.??"]
[Source "ChessBase"]
[SourceDate "1999.03.01"]

1. Nf3 d5 2. d4 c6 3. Bf4 Qb6 4. Qc1 Bg4 5. Ne5 Bf5 6. e3 Nd7 7. Nxd7 Bxd7 8. c4 Nf6 9. Nc3 g6 10. Be5 dxc4 11. Bxc4 Bg7 12. O-O O-O 13. Na4 Qd8 14. Nc5 Bc8 15. b4 b6 16. Nd3 Bb7 17. Qc2 Nd7 18. Bxg7 Kxg7 19. Rac1 Qc7 20. Qb2 Kg8 21. Rfd1 Rfc8 22. a4 a5 23. b5 Qd6 24. Ne5 e6 25. bxc6 Bxc6 26. Nxc6 Rxc6 27. d5 Rxc4 28. Rxc4 exd5 29. Qb5 Nc5 30. Rcd4 Rd8 31. e4 Qe5 32. Rxd5 Rxd5 33. exd5 Ne4 34. Re1 1-0

[Event "Carlos Torre (17eme memorial)"]
[Site "?"]
[Date "2004.12.17"]
[Round "8.1"]
[White "Nogueiras Jesus"]
[Black "Ivanchuk Vassily"]
[Result "0-1"]
[WhiteElo "2546"]
[BlackElo "2707"]
[PlyCount "73"]
[EventDate "2004.??.??"]
[Source "www.chesslib.no"]
[SourceDate "2004.05.04"]

1. d4 Nf6 2. Nf3 d5 3. Bf4 Bf5 4. e3 e6 5. Bd3 Bxd3 6. cxd3 Bd6 7. Bg3 c5 8. dxc5 Bxc5 9. Qb3 Qb6 10. Qxb6 Bxb6 11. Nc3 Nc6 12. Ke2 Nh5 13. Na4 Nxg3+ 14. hxg3 Ke7 15. a3 Bc7 16. Rac1 Bd6 17. Rc2 Rac8 18. Rhc1 Rc7 19. Nc3 Rd7 20. Nb5 a6 21. Nc3 Na7 22. Na4 Nb5 23. Nd2 Rb8 24. Nb3 Rc7 25. Rxc7+ Bxc7 26. f4 h5 27. Kf3 g6 28. e4 dxe4+ 29. dxe4 Rd8 30. Nbc5 h4 31. Ke3 hxg3 32. Nxb7 Rh8 33. Rc6 Rh4 34. Rxa6 Bxf4+ 35. Kd3 Rh2 36. Kc4 Nc7 37. Kd4 0-1

[Event "Donner mem-A"]
[Site "Amsterdam"]
[Date "1994.??.??"]
[Round "7"]
[White "Van der Sterren, Paul"]
[Black "Piket, Jeroen"]
[Result "1/2-1/2"]
[WhiteElo "2605"]
[BlackElo "2640"]
[PlyCount "172"]
[EventDate "1994.08.??"]
[Source "ChessBase"]

1. d4 Nf6 2. c4 e6 3. Nc3 Bb4 4. e3 O-O 5. Bd3 d5 6. Nf3 c5 7. O-O Nbd7 8. cxd5 exd5 9. a3 Bxc3 10. bxc3 c4 11. Bc2 Re8 12. Nd2 b5 13. a4 bxa4 14. Bxa4 Bb7 15. Re1 Qc7 16. f3 a5 17. Bc2 g6 18. Nf1 h5 19. Qd2 Re6 20. Qf2 Bc6 21. h3 Nf8 22. Ba3 Ree8 23. Nd2 Qb7 24. Qh4 N8h7 25. Re2 Re6 26. Rae1 Rae8 27. g4 Kg7 28. Nf1 Qb8 29. Rg2 hxg4 30. hxg4 Rh8 31. Rh2 Ng5 32. Bf8+ Qxf8 33. Qxg5 Rxh2 34. Kxh2 Nh7 35. Qh4 Qa3 36. Re2 Qxc3 37. Kg1 Nf6 38. Rh2 Kf8 39. Qh8+ Ke7 40. Qc8 Be8 41. Qb7+ Kf8 42. g5 Nh5 43. Qxd5 Rxe3 44. Be4 Re1 45. Qe5 Qe3+ 46. Rf2 Qf4 47. Qxa5 Rc1 48. Qc5+ Kg7 49. Kg2 Qh4 50. Qe5+ Kh7 51. f4 Qg4+ 52. Kh2 Bd7 53. f5 Qh4+ 54. Kg2 Qxg5+ 55. Ng3 Qxg3+ 56. Qxg3 Nxg3 57. fxg6+ fxg6 58. Kxg3 Kg7 59. Kf4 c3 60. Ke5 Re1 61. Kd5 g5 62. Bc2 g4 63. Kc4 Re3 64. d5 g3 65. Rg2 Bh3 66. Rg1 g2 67. Bd3 Kf6 68. Kxc3 Ke5 69. Kd2 Kd4 70. Bf5 Bxf5 71. Rxg2 Be4 72. Rf2 Rd3+ 73. Ke2 Kxd5 74. Rh2 Kd4 75. Rf2 Ra3 76. Kd2 Ra1 77. Re2 Bd3 78. Rf2 Ra2+ 79. Ke1 Ra8 80. Kd2 Be4 81. Re2 Bf3 82. Rf2 Ra2+ 83. Ke1 Ra3 84. Kd2 Rc3 85. Ke1 Ke3 86. Re2+ Bxe2 1/2-1/2

[Event "Yerevan (ol)"]
[Site "?"]
[Date "1996.??.??"]
[Round "?"]
[White "Nikolic, P."]
[Black "Arencibia, W."]
[Result "1/2-1/2"]
[WhiteElo "2670"]
[BlackElo "2555"]
[PlyCount "53"]
[EventDate "1996.??.??"]
[Source "ChessBase"]
[SourceDate "1996.06.01"]

1. Nf3 d5 2. g3 Nc6 3. d4 Bf5 4. Bg2 Nb4 5. Na3 e6 6. O-O Nf6 7. c3 Nc6 8. Qb3 Rb8 9. Nh4 Bg4 10. f3 Bh5 11. e4 Be7 12. g4 Bg6 13. g5 Nh5 14. exd5 Bxg5 15. Nxg6 Bxc1 16. Nxh8 Be3+ 17. Rf2 Bxf2+ 18. Kxf2 exd5 19. c4 Kf8 20. cxd5 Qh4+ 21. Kf1 Nxd4 22. Qc4 Nf5 23. Qxc7 Nhg3+ 24. hxg3 Nxg3+ 25. Kg1 Ne2+ 26. Kf1 Ng3+ 27. Kg1 1/2-1/2

[Event "EU-ch 2nd"]
[Site "Ohrid"]
[Date "2001.06.13"]
[Round "12"]
[White "Miles, Anthony J"]
[Black "Lautier, Joel"]
[Result "1/2-1/2"]
[WhiteElo "2562"]
[BlackElo "2658"]
[PlyCount "157"]
[EventDate "2001.06.01"]
[Source "ChessBase"]
[SourceDate "2001.09.13"]

1. d4 d5 2. Bf4 Nf6 3. e3 g6 4. Nf3 Bg7 5. Nbd2 O-O 6. Be2 c5 7. c3 Nc6 8. dxc5 Re8 9. O-O e5 10. Bg3 a5 11. Qa4 Bd7 12. Bb5 Qe7 13. Nb3 Ne4 14. Rfd1 Nxc5 15. Nxc5 Qxc5 16. e4 d4 17. h3 Qb6 18. cxd4 exd4 19. e5 Rad8 20. Rac1 h6 21. Nd2 Be6 22. f4 g5 23. fxg5 hxg5 24. Ne4 Bd5 25. Nf6+ Bxf6 26. exf6 Re6 27. Rf1 Re3 28. Bf2 Re6 29. Bg3 Re3 30. Be1 Ne5 31. Rf5 Ng6 32. Bf2 Re4 33. Bd3 Qe6 34. Rxg5 Re5 35. Rg4 Be4 36. Bxe4 Rxe4 37. Qxa5 Rd5 38. Qa8+ Kh7 39. Rxe4 Qxe4 40. Qxb7 Ne5 41. Kh1 Nd7 42. Be1 Kg6 43. Bd2 Nxf6 44. Qc7 Qe5 45. Qxe5 Rxe5 46. Re1 Rc5 47. Bb4 Rc4 48. a3 d3 49. Rd1 Ne4 50. Kg1 d2 51. Bxd2 Rd4 52. Kf1 Rxd2 53. Rxd2 Nxd2+ 54. Ke2 Nc4 55. a4 Nxb2 56. a5 Na4 57. a6 Nc3+ 58. Kd3 Nb5 59. Kc4 Na7 60. Kd5 Kg5 61. Ke5 f5 62. g3 Nc6+ 63. Kd6 Na7 64. h4+ Kg4 65. Ke5 Nc6+ 66. Kd6 Na7 67. Ke6 f4 68. gxf4 Kxf4 69. Kd6 Kg4 70. Kc7 Kxh4 71. Kb7 Nb5 72. Kb6 Nd6 73. Kc6 Nc8 74. Kc7 Na7 75. Kb7 Nb5 76. Kb6 Nd6 77. a7 Nc8+ 78. Kb7 Nxa7 79. Kxa7 1/2-1/2

[Event "Albert m"]
[Site "Albert"]
[Date "1999.09.19"]
[Round "6"]
[White "Beliavsky, Alexander G"]
[Black "Bacrot, Etienne"]
[Result "1/2-1/2"]
[WhiteElo "2618"]
[BlackElo "2592"]
[PlyCount "63"]
[EventDate "1999.09.14"]
[Source "ChessBase"]
[SourceDate "1999.12.01"]

1. d4 d5 2. Nf3 e6 3. g3 c5 4. Bg2 Nc6 5. O-O cxd4 6. Nxd4 Qb6 7. Nxc6 bxc6 8. c4 Nf6 9. b3 Be7 10. Nd2 O-O 11. Bb2 Rd8 12. Qc2 a5 13. e3 Bb7 14. Rac1 Rac8 15. Rfd1 h6 16. Nf3 Ba6 17. Ne5 Nd7 18. Bf1 Nxe5 19. Bxe5 c5 20. Qb2 Bf8 21. Bc3 Bb7 22. Bg2 Ra8 23. Rd2 Bc6 24. Rcd1 a4 25. cxd5 exd5 26. Bxd5 Rxd5 27. Rxd5 Bxd5 28. Rxd5 axb3 29. axb3 Rb8 30. Be5 Qxb3 31. Qxb3 Rxb3 32. Bd6 1/2-1/2

[Event "Monarch Assurance"]
[Site "Isle of Man"]
[Date "2007.09.28"]
[Round "7.7"]
[White "Georgiev, Vladimir"]
[Black "Moiseenko, Alexander"]
[Result "1/2-1/2"]
[WhiteElo "2567"]
[BlackElo "2641"]
[PlyCount "24"]
[EventDate "2007.09.22"]
[Source "www.chesslib.no"]
[SourceDate "2004.05.04"]

1. d4 Nf6 2. Nf3 e6 3. Bf4 c5 4. e3 d5 5. c3 Nc6 6. Nbd2 Bd6 7. Bxd6 Qxd6 8. Bb5 O-O 9. Qa4 Bd7 10. Qa3 b6 11. O-O a6 12. Bd3 Qe7 1/2-1/2

[Event "Camp. spagnolo a squadre - Gruppo II"]
[Site "Sabadell SPA"]
[Date "2008.09.06"]
[Round "4"]
[White "Shengelia, D."]
[Black "Krasenkow, M."]
[Result "1/2-1/2"]
[WhiteElo "2569"]
[BlackElo "2639"]
[PlyCount "62"]
[EventDate "2008.09.03"]
[Source "www.chesslib.no"]
[SourceDate "2004.05.04"]

1. d4 d5 2. Nf3 c6 3. e3 e6 4. c4 Bd6 5. Bd3 f5 6. b3 Nf6 7. O-O Qe7 8. a4 a5 9. Ba3 Bxa3 10. Nxa3 O-O 11. Nc2 b6 12. Qe2 c5 13. Ne5 Nbd7 14. Rfd1 Bb7 15. Nxd7 Nxd7 16. cxd5 exd5 17. Na3 g6 18. Nb5 Rae8 19. Qd2 Qf6 20. Bf1 Re7 21. Rac1 g5 22. g3 f4 23. exf4 gxf4 24. Bg2 f3 25. Bh3 Re2 26. Qd3 Qh6 27. Bxd7 Rxf2 28. Kxf2 Qxh2+ 29. Ke3 Qh6+ 30. Kf2 Qh2+ 31. Ke3 Qh6+ 1/2-1/2

[Event "BL 0607 TV Tegernsee - SG Köln Porz"]
[Site "Germania"]
[Date "2006.12.10"]
[Round "6.1"]
[White "Vaganian, Rafael A"]
[Black "Khenkin, Igor"]
[Result "1/2-1/2"]
[WhiteElo "2587"]
[BlackElo "2620"]
[PlyCount "29"]
[EventDate "2006.10.28"]
[Source "www.chesslib.no"]
[SourceDate "2004.05.04"]

1. Nf3 d5 2. d4 c6 3. b3 Nf6 4. Bb2 Bf5 5. Nbd2 e6 6. g3 h6 7. Bg2 Nbd7 8. O-O Ne4 9. Ne1 Nxd2 10. Qxd2 Bd6 11. c4 a5 12. Nd3 O-O 13. f3 Bxd3 14. Qxd3 Qe7 15. e3 1/2-1/2

[Event "Cacak"]
[Site "Cacak"]
[Date "1996.??.??"]
[Round "8"]
[White "Strikovic, Aleksa"]
[Black "Almasi, Zoltan"]
[Result "1/2-1/2"]
[WhiteElo "2550"]
[BlackElo "2655"]
[PlyCount "130"]
[EventDate "1996.11.??"]
[Source "ChessBase"]
[SourceDate "1997.04.10"]

1. Nf3 Nf6 2. g3 d5 3. Bg2 c6 4. O-O Bg4 5. d4 Nbd7 6. Nbd2 e6 7. Re1 Be7 8. e4 dxe4 9. Nxe4 O-O 10. c3 Re8 11. Nxf6+ Bxf6 12. h3 Bh5 13. g4 Bg6 14. Bf4 h6 15. Bg3 Qb6 16. Qe2 c5 17. Ne5 Nxe5 18. dxe5 Be7 19. a4 Rab8 20. a5 Qa6 21. Bf1 Red8 22. Red1 Qxe2 23. Bxe2 Be4 24. f3 Bc2 25. Rxd8+ Rxd8 26. f4 Be4 27. Rd1 Rxd1+ 28. Bxd1 c4 29. Bf2 a6 30. Be2 Bd5 31. Bb6 Bh4 32. Bf2 Be7 33. Bb6 Kf8 34. Kf2 Bh4+ 35. Ke3 Ke8 36. Kd2 Kd7 37. f5 Bg3 38. Bd4 Bf4+ 39. Kd1 Bg5 40. Bb6 Kc6 41. Bf2 Bd8 42. Bd4 Kb5 43. b3 Bg5 44. Kc2 Be4+ 45. Kb2 Bd3 46. bxc4+ Bxc4 47. Bf3 Kxa5 48. Bxb7 Kb5 49. f6 gxf6 50. exf6 a5 51. Be4 a4 52. Kc2 a3 53. Be5 Kc5 54. Bg2 Bh4 55. Bf3 Bg5 56. Bg2 Bd5 57. Bf1 Be4+ 58. Kb3 Bc1 59. c4 Bb7 60. Bc3 Ba6 61. h4 a2 62. Bb4+ Kd4 63. Bc3+ Kc5 64. Bb4+ Kd4 65. Bc3+ Kc5 1/2-1/2

[Event "Malmo"]
[Site "Malmo"]
[Date "1995.??.??"]
[Round "1"]
[White "Andersson, Ulf"]
[Black "Sadler, Matthew"]
[Result "1-0"]
[WhiteElo "2630"]
[BlackElo "2575"]
[PlyCount "77"]
[EventDate "1995.05.??"]
[Source "ChessBase"]

1. Nf3 Nc6 2. d4 d5 3. Bf4 Bg4 4. e3 e6 5. c4 dxc4 6. Bxc4 Bd6 7. Bxd6 Qxd6 8. O-O Nf6 9. Be2 e5 10. dxe5 Qxd1 11. Bxd1 Nd7 12. Nc3 Bxf3 13. Bxf3 Ndxe5 14. Bxc6+ Nxc6 15. Rfd1 Rd8 16. f4 f6 17. Kf2 Rf8 18. Rxd8+ Kxd8 19. Rd1+ Kc8 20. e4 Rd8 21. Nd5 Rd7 22. Rd3 Ne7 23. Nxe7+ Rxe7 24. Ke3 f5 25. e5 Rd7 26. Ra3 a6 27. Rd3 a5 28. Rxd7 Kxd7 29. Kd4 b6 30. Kc4 c6 31. h3 Ke6 32. b3 g5 33. g3 h6 34. h4 gxf4 35. gxf4 h5 36. a4 Ke7 37. b4 axb4 38. Kxb4 Ke6 39. a5 1-0

[Event "Torshavn op 3rd"]
[Site "Torshavn"]
[Date "2000.10.09"]
[Round "4"]
[White "Psakhis, Lev"]
[Black "Baburin, Alexander"]
[Result "1/2-1/2"]
[WhiteElo "2611"]
[BlackElo "2590"]
[PlyCount "33"]
[EventDate "2000.10.06"]
[Source "ChessBase"]
[SourceDate "2000.11.10"]

1. d4 d5 2. Nf3 c6 3. Bf4 Nf6 4. e3 Bg4 5. Be2 e6 6. Nbd2 Bd6 7. Bxd6 Qxd6 8. O-O Nbd7 9. c4 O-O 10. h3 Bxf3 11. Bxf3 a5 12. b3 e5 13. cxd5 cxd5 14. dxe5 Nxe5 15. Be2 Rfc8 16. Qb1 Qa3 17. Nf3 1/2-1/2

[Event "Amsterdam m"]
[Site "Amsterdam NED"]
[Date "1977.??.??"]
[Round "6"]
[White "Timman, Jan H"]
[Black "Spassky, Boris Vasily"]
[Result "1/2-1/2"]
[WhiteElo "2590"]
[BlackElo "2610"]
[PlyCount "30"]
[EventDate "1977.??.??"]
[Source "www.chesslib.no"]
[SourceDate "2004.05.04"]

1. Nf3 d5 2. g3 c5 3. Bg2 Nc6 4. d4 e6 5. O-O cxd4 6. Nxd4 Bc5 7. Nxc6 bxc6 8. c4 Nf6 9. Qc2 Bb6 10. b3 O-O 11. Bb2 Re8 12. Nc3 e5 13. Rac1 Be6 14. Na4 Bg4 15. e3 Qd7 1/2-1/2